|
|
|
|
| LEADER |
00000nam2a2200000 4500 |
| 001 |
37216 |
| 005 |
20231101210423.0 |
| 010 |
|
|
|a 5942710023
|
| 035 |
|
|
|a (RuTPU)RU\TPU\book\37774
|
| 090 |
|
|
|a 37216
|
| 100 |
|
|
|a 20011226d2001 km y0rusy50 ca
|
| 101 |
0 |
|
|a rus
|
| 102 |
|
|
|a RU
|
| 105 |
|
|
|a a g 001zy
|
| 200 |
0 |
|
|a Кн. 1: 450 полезных схем радиолюбителям
|
| 210 |
|
|
|d 2001
|
| 215 |
|
|
|a 351 с.
|c ил.
|
| 320 |
|
|
|a Библиогр.: с. 336-351.
|
| 330 |
|
|
|a Сборник схем, сгруппированных по основным направлениям современной радиоэлектроники, предназначен для ознакомления начинающих и подготовленных радиолюбителей с основами создания узлов и аналогов элементов радиоэлектронных устройств.
|
| 461 |
|
1 |
|0 (RuTPU)RU\TPU\book\38450
|t Практическая схемотехника
|f М. А. Шустов
|v Кн. 1: 450 полезных схем радиолюбителям
|d 2001-2002
|
| 606 |
1 |
|
|a Радиосхемы полупроводниковые
|2 stltpush
|3 (RuTPU)RU\TPU\subj\23160
|9 47798
|
| 610 |
1 |
|
|a схемотехника
|
| 610 |
1 |
|
|a схемы
|
| 610 |
1 |
|
|a устройства
|
| 610 |
1 |
|
|a элементы
|
| 610 |
1 |
|
|a узлы
|
| 610 |
1 |
|
|a компоненты
|
| 610 |
1 |
|
|a радиоприемники
|
| 610 |
1 |
|
|a генераторы
|
| 610 |
1 |
|
|a усилители
|
| 610 |
1 |
|
|a транзисторы
|
| 610 |
1 |
|
|a релейные схемы
|
| 610 |
1 |
|
|a кодовые замки
|
| 610 |
1 |
|
|a микросхемы
|
| 610 |
1 |
|
|a электронные устройства
|
| 610 |
1 |
|
|a труды учёных ТПУ
|
| 610 |
1 |
|
|a справочные издания
|
| 675 |
|
|
|a 621.396.6:621.382(035)
|v 3
|
| 801 |
|
1 |
|a RU
|b 63413507
|c 20011226
|g PSBO
|
| 801 |
|
2 |
|a RU
|b 63413507
|c 20150617
|g PSBO
|
| 942 |
|
|
|c BK
|